header

Creating Judaism (Record no. 234987)

MARC details
000 -LEADER
fixed length control field 01581nam a2200361 a 4500
082 04 - DEWEY DECIMAL CLASSIFICATION NUMBER
Classification number 296
100 1# - MAIN ENTRY--AUTHOR NAME
Personal name Satlow, Michael L.
245 10 - TITLE STATEMENT
Title Creating Judaism
260 ## - PUBLICATION, DISTRIBUTION, ETC. (IMPRINT)
Place of publication New York :
Name of publisher Columbia University Press,
Year of publication c2006.
300 ## - PHYSICAL DESCRIPTION
Number of Pages xii, 340 p. :
Other physical details ill.
505 0# - FORMATTED CONTENTS NOTE
Formatted contents note Introduction -- Promised lands -- Creating Judaism -- Between Athens and Jerusalem -- The rabbis -- Rabbinic concepts -- Mitzvot -- The rise of reason -- From Moses to Moses -- Seeing God -- East and West -- Epilogue: Whither Judaism?
650 #0 - SUBJECT ADDED ENTRY--TOPICAL TERM
Topical Term Judaism.
Topical Term Jews
856 40 - ELECTRONIC LOCATION AND ACCESS
Uniform Resource Identifier http://site.ebrary.com/lib/rucke/Doc?id=10532619

No items available.

© 2026 Rongo University
Contact us: librarian | system librarian | Rongo university